| Tag |
First Indicator |
Second Indicator |
Subfields |
| LEADER |
00000cgm a2200000Mi 4500 |
| 001 |
in00005539813 |
| 006 |
m o c |
| 007 |
cr |n||||||||a |
| 007 |
vz |za|z| |
| 008 |
150803s1996 xna030 e o vueng d |
| 005 |
20241201225747.8 |
| 035 |
|
|
|a (OCoLC)ocn919204113
|
| 040 |
|
|
|a ALSTP
|b eng
|e rda
|e pn
|c ALSTP
|d OCLCQ
|d OCLCO
|d OCLCF
|d OCLCA
|d WYU
|d UPM
|d OCLCO
|d OCLCA
|d OCLCO
|d NUI
|
| 019 |
|
|
|a 1430846467
|a 1444014500
|
| 035 |
|
|
|a (OCoLC)919204113
|z (OCoLC)1430846467
|z (OCoLC)1444014500
|
| 049 |
|
|
|a TXAM
|
| 245 |
0 |
0 |
|a English have a go.
|n Episode 10 /
|c by ABC Commercial.
|
| 264 |
|
1 |
|a New South Wales :
|b ABC Commercial,
|c 1996.
|
| 300 |
|
|
|a 1 online resource (30 min.)
|
| 306 |
|
|
|a 002909
|
| 336 |
|
|
|a two-dimensional moving image
|b tdi
|2 rdacontent
|
| 337 |
|
|
|a video
|b v
|2 rdamedia
|
| 337 |
|
|
|a computer
|b c
|2 rdamedia
|
| 338 |
|
|
|a other
|b vz
|2 rdacarrier
|
| 338 |
|
|
|a online resource
|b cr
|2 rdacarrier
|
| 347 |
|
|
|a data file
|2 rda
|
| 490 |
0 |
|
|a Academic Video Online
|
| 500 |
|
|
|a Title from resource description page (viewed August 03, 2015).
|
| 520 |
|
|
|a 'English - Have a Go' is an educational series for people with English as a second language. It is a magazine style program with drama, pronunciation and documentary elements. In the drama component we meet Andy Jones a 4th year architecture student, his father Arthur Jones, an airline pilot, his mother Clair Jones, a graphic designer, his maternal grandmother Irene Neale, and Louise a family friend who has come from the country to stay while she attends her first year at university, studying medicine. In the documentary component we meet a range of Australian families at home and at work.
|
| 546 |
|
|
|a In English.
|
| 650 |
|
0 |
|a English language
|x Study and teaching.
|
| 650 |
|
6 |
|a Anglais (Langue)
|x Étude et enseignement.
|
| 650 |
|
7 |
|a English language
|x Study and teaching.
|2 fast
|0 (OCoLC)fst00911670
|
| 655 |
|
7 |
|a Instructional films.
|2 fast
|0 (OCoLC)fst01726236
|
| 655 |
|
7 |
|a Instructional films.
|2 lcgft
|
| 655 |
|
7 |
|a Films de formation.
|2 rvmgf
|
| 710 |
2 |
|
|a ABC Commercial,
|e production company.
|
| 856 |
4 |
0 |
|u http://proxy.library.tamu.edu/login?url=https://www.aspresolver.com/aspresolver.asp?AUSV;2808301
|z Connect to this streaming video (Alexander Street Press)
|t 0
|
| 955 |
|
|
|a Alexander Street Press subscription streaming video
|
| 994 |
|
|
|a 92
|b TXA
|
| 999 |
f |
f |
|s 173a7a35-5a7c-407d-9d21-f29cf3369e70
|i c6548fc2-4226-4242-a463-eefb6550ca8a
|t 0
|
| 952 |
f |
f |
|a Texas A&M University
|b College Station
|c Electronic Resources
|d Available Online
|t 0
|h Library of Congress classification
|
| 998 |
f |
f |
|t 0
|l Available Online
|